[Event "Pamplona Navarra Preferente op"]
[Site "Pamplona"]
[Date "2013.05.11"]
[Round "5"]
[White "Apesteguia Domaica, Jose Antonio"]
[Black "Mancha Otano, Aritz"]
[Result "1-0"]
[WhiteElo "1865"]
[BlackElo "1965"]
[PlyCount "69"]
[EventDate "2013.04.13"]
[EventType "swiss"]
[EventRounds "7"]
[EventCountry "ESP"]
[SourceTitle "CBM 154 Extra"]
[Source "ChessBase"]
[SourceDate "2013.06.25"]
[SourceVersion "2"]
[SourceVersionDate "2013.06.25"]
[SourceQuality "1"]

1. d4 d5 2. c4 e6 3. Nc3 Nf6 4. Bg5 Be7 5. e3 c6 6. Nf3 Nbd7 7. Bd3 0-0 8. 0-0 Re8 9. Rc1 dxc4 10. Bxc4 Nd5 11. Bxe7 Qxe7 12. Qb3 N5b6 13. Bd3 c5 14. Bb5 a6 15. Bxd7 Nxd7 16. Ne4 cxd4 17. Nxd4 e5 18. Nf5 Qd8 19. Rfd1 Qb6 20. Ned6 Qxb3 21. axb3 Nb6 22. Nxe8 Bxf5 23. Nd6 Be6 24. Nxb7 Bxb3 25. Rd8+ Rxd8 26. Nxd8 Nc4 27. Nb7 Kf8 28. Rc3 Ba2 29. Nc5 a5 30. b3 Nb6 31. Rc1 Nd5 32. Rd1 Nc3 33. Rd7 Nb1 34. Ra7 Nd2 35. b4 1-0

[Event "Huarte Puente Foral op-B 4th"]
[Site "Huarte"]
[Date "2009.12.02"]
[Round "2"]
[White "Ortega Lopez, Mikel"]
[Black "Apesteguia Domaica, Jose Antonio"]
[Result "1/2-1/2"]
[WhiteElo "1723"]
[BlackElo "1816"]
[PlyCount "54"]
[EventDate "2009.12.01"]
[EventType "swiss"]
[EventRounds "8"]
[EventCountry "ESP"]
[SourceTitle "EXT 2016"]
[Source "ChessBase"]
[SourceDate "2015.10.08"]
[SourceVersion "1"]
[SourceVersionDate "2015.10.08"]
[SourceQuality "1"]

1. e4 e5 2. d4 exd4 3. Nf3 d6 4. Bc4 Be7 5. c3 Nf6 6. Qb3 0-0 7. cxd4 Nc6 8. Bd3 Rb8 9. Be3 Bg4 10. Nbd2 Na5 11. Qc2 g6 12. 0-0 c5 13. b3 Rc8 14. Qb2 Nc6 15. a3 Nd7 16. h3 Bxf3 17. Nxf3 Bf6 18. Rad1 Qb6 19. dxc5 dxc5 20. Qb1 Nce5 21. Nxe5 Nxe5 22. b4 Nxd3 23. Rxd3 Bd4 24. Bxd4 cxd4 25. Rfd1 Rfd8 26. Qb2 Rc4 27. Rc1 Qc6 1/2-1/2